000 00612nam a2200241Ia 4500
003 OSt
005 20220924142309.0
006 a|||||r|||| 00| 0
007 ta
008 220923b |||||||| |||| 00| 0 ben d
024 _a301343
037 _cTextual
040 _aARTS
_cARTS
_bben
041 _2ben
_aben
082 _aO158,3NPR,2, L8
100 _aJaohar
_9213166
245 0 _aBharate muslim sanskriti
260 _c1978
650 _a ASSAMESE LITERATURE
_911738
650 _aLITERATURE A
_9213167
942 _hO158,3NPR,2, L8
_cTEXL
_2CC
999 _c450193
_d450193